[Event "Robecchetto op-A 26th"]
[Site "Robecchetto"]
[Date "2015.07.24"]
[Round "1"]
[White "Cavallini, Gianfranco"]
[Black "Balzan, Alessandro"]
[Result "1-0"]
[WhiteElo "2102"]
[BlackElo "1955"]
[PlyCount "121"]
[EventDate "2015.07.24"]
[EventType "swiss"]
[EventRounds "5"]
[EventCountry "ITA"]
[SourceTitle "EXT 2016"]
[Source "ChessBase"]
[SourceDate "2015.10.08"]
[SourceVersion "1"]
[SourceVersionDate "2015.10.08"]
[SourceQuality "1"]

1. b3 d5 2. Bb2 Nf6 3. e3 e6 4. Nf3 Be7 5. Ne5 Nbd7 6. f4 0-0 7. Bd3 Nc5 8. 0-0 Nxd3 9. cxd3 Bd7 10. Nc3 c5 11. Qf3 Rc8 12. g4 Bc6 13. f5 d4 14. Nxc6 Rxc6 15. Ne2 dxe3 16. g5 Ne8 17. f6 gxf6 18. gxf6 Bd6 19. dxe3 Kh8 20. Qh5 Rg8+ 21. Kh1 Rg6 22. Rf3 Bf8 23. Nf4 Qd7 24. Nxg6+ fxg6 25. f7+ Ng7 26. Qxg6 e5 27. Qe4 Re6 28. Rg1 Re7 29. Rf6 Rxf7 30. Rh6 Qf5 31. Bxe5 Qxe4+ 32. dxe4 Re7 33. Ba1 Rxe4 34. Rh3 Re7 35. Rf3 Kg8 36. Rd1 Ne6 37. Rd6 Bg7 38. Rg3 Kf7 39. Bxg7 Nxg7 40. Rf3+ Ke8 41. Kg2 Re5 42. Rh6 Nf5 43. Rxh7 Nxe3+ 44. Kf2 Nd1+ 45. Kg3 Rg5+ 46. Kf4 Rg2 47. h3 Rxa2 48. Rxb7 Ra6 49. Rd3 Nf2 50. Re3+ Kd8 51. Kg3 Nd1 52. Rd3+ Kc8 53. Rb5 Rg6+ 54. Kf3 Rf6+ 55. Ke2 Nf2 56. Rxc5+ Kb7 57. Re3 Rf4 58. Rc4 Rf7 59. Rc1 Rf4 60. Rf1 Nxh3 61. Rxh3 1-0

[Event "Ceriano Laghetto op-A"]
[Site "Ceriano Laghetto"]
[Date "2007.04.01"]
[Round "5"]
[White "Brugo, Marco"]
[Black "Cavallini, Gianfranco"]
[Result "1-0"]
[WhiteElo "2085"]
[BlackElo "2020"]
[PlyCount "47"]
[EventDate "2007.03.30"]
[EventType "swiss"]
[EventRounds "5"]
[EventCountry "ITA"]
[SourceTitle "EXT 2008"]
[Source "ChessBase"]
[SourceDate "2007.11.25"]
[SourceVersion "1"]
[SourceVersionDate "2007.11.25"]
[SourceQuality "1"]

1. d4 g6 2. c4 Bg7 3. Nc3 c5 4. d5 f5 5. Qc2 e5 6. e4 d6 7. f4 Ne7 8. Bd3 fxe4 9. Nxe4 b5 10. Nf3 0-0 11. fxe5 dxe5 12. 0-0 Nf5 13. cxb5 Bb7 14. Bc4 Nd7 15. Neg5 e4 16. Qxe4 Qe8 17. d6+ Kh8 18. Qxb7 Rb8 19. Qd5 Nb6 20. Qe6 Nd4 21. Qxe8 Rbxe8 22. Nf7+ Kg8 23. d7 Nxf3+ 24. gxf3 1-0

[Event "Ceriano Laghetto op-A"]
[Site "Ceriano Laghetto"]
[Date "2007.03.31"]
[Round "3"]
[White "Bozzali, Ermanno"]
[Black "Cavallini, Gianfranco"]
[Result "0-1"]
[WhiteElo "2062"]
[BlackElo "2020"]
[PlyCount "86"]
[EventDate "2007.03.30"]
[EventType "swiss"]
[EventRounds "5"]
[EventCountry "ITA"]
[SourceTitle "EXT 2008"]
[Source "ChessBase"]
[SourceDate "2007.11.25"]
[SourceVersion "1"]
[SourceVersionDate "2007.11.25"]
[SourceQuality "1"]

1. d4 g6 2. e4 c6 3. Nc3 Na6 4. f4 Nc7 5. Be3 d5 6. e5 h5 7. h3 Nh6 8. g3 Nf5 9. Bf2 Ne6 10. Qd2 Bh6 11. h4 Qa5 12. Nf3 Bd7 13. 0-0-0 0-0-0 14. Kb1 Nc7 15. Be2 Kb8 16. Rdg1 Bf8 17. Ng5 Nh6 18. Qd1 Bf5 19. Be1 e6 20. Nce4 Qb6 21. Nc3 c5 22. Na4 Qc6 23. Nxc5 Bxc5 24. dxc5 Qxc5 25. Bd3 Rd7 26. Bxf5 Nxf5 27. Qd3 Na6 28. Rg2 Rc8 29. Bf2 Qa5 30. a3 Rc4 31. g4 hxg4 32. h5 gxh5 33. Rxh5 Rxf4 34. Rh8+ Kc7 35. Bxa7 b6 36. b4 Nxb4 37. Qc3+ Rc4 38. Bb8+ Kb7 39. axb4 Qa4 40. Qb3 Rxb4 41. Bd6 Nxd6 42. exd6 Rxb3+ 43. cxb3 Qf4 0-1

[Event "Bratto Martesana op"]
[Site "Bratto"]
[Date "2006.11.18"]
[Round "4"]
[White "Cavallini, Gianfranco"]
[Black "Astengo, Marcello"]
[Result "1-0"]
[WhiteElo "2004"]
[BlackElo "2110"]
[PlyCount "62"]
[EventDate "2006.11.11"]
[EventType "swiss"]
[EventRounds "6"]
[EventCountry "ITA"]
[SourceTitle "EXT 2008"]
[Source "ChessBase"]
[SourceDate "2007.11.25"]
[SourceVersion "1"]
[SourceVersionDate "2007.11.25"]
[SourceQuality "1"]

1. e4 c6 2. d4 d5 3. Nc3 dxe4 4. Nxe4 Nf6 5. Nxf6+ exf6 6. Nf3 Bd6 7. Bd3 0-0 8. 0-0 Bg4 9. Be3 Qc7 10. Kh1 Nd7 11. c3 Rad8 12. Rc1 Rfe8 13. h3 Bh5 14. Qc2 Nf8 15. Nd2 Qc8 16. Bf5 Ne6 17. Ne4 Bb8 18. Bxh7+ Kh8 19. Bf5 Qc7 20. f4 Bg6 21. Ng3 Nf8 22. Rce1 Rd5 23. Bc1 Red8 24. Be4 Qa5 25. Qb3 R5d7 26. Qc4 Qc7 27. b4 Kg8 28. a4 Re7 29. Bxg6 Nxg6 30. Nf5 Rxe1 31. Rxe1 Qd7 1-0

[Event "Ceriano Laghetto op 12th"]
[Site "Ceriano Laghetto"]
[Date "2005.01.30"]
[Round "2"]
[White "Cavallini, Gianfranco"]
[Black "Mosconi, Ariel Oscar"]
[Result "0-1"]
[WhiteElo "2020"]
[BlackElo "2200"]
[PlyCount "86"]
[EventDate "2005.01.29"]
[EventType "swiss"]
[EventRounds "5"]
[EventCountry "ITA"]
[SourceTitle "EXT 2007"]
[Source "ChessBase"]
[SourceDate "2006.11.23"]
[SourceVersion "1"]
[SourceVersionDate "2006.11.23"]
[SourceQuality "1"]

1. e4 g6 2. Bc4 Bg7 3. Nc3 c5 4. d3 Nc6 5. f4 e6 6. Nf3 Nge7 7. 0-0 d5 8. Bb3 0-0 9. Qe2 Nd4 10. Nxd4 cxd4 11. Nd1 dxe4 12. dxe4 Qb6 13. Nf2 Bd7 14. Nd3 Nc6 15. Bd2 Na5 16. Bxa5 Qxa5 17. g4 Rac8 18. a4 Rc7 19. h4 Kh8 20. e5 b5 21. axb5 Qxb5 22. g5 h5 23. Qd2 Rfc8 24. Ra4 Bf8 25. Ra5 Qb7 26. f5 exf5 27. Nf4 d3 28. Nxd3 Qb6+ 29. Rf2 Bc6 30. Bc4 Be4 31. b3 Rxc4 32. bxc4 Rxc4 33. Ra2 Bc6 34. Rb2 Rxh4 35. Kf1 Rh1+ 36. Ke2 Qd4 37. Qe3 Qg4+ 38. Kd2 Rd1+ 39. Kc3 Qa4 40. Qd4 Qa5+ 41. Kb3 Ra1 42. c3 Ba4+ 43. Kc4 Qa6+ 0-1

[Event "Bernate Ticino Scheveningen"]
[Site "Bernate Ticino"]
[Date "1997.10.19"]
[Round "1"]
[White "Cavallini, Gianfranco"]
[Black "Aglietti, Graziano"]
[Result "0-1"]
[WhiteElo "2065"]
[BlackElo "1857"]
[PlyCount "102"]
[EventDate "1997.10.19"]
[EventType "schev"]
[EventRounds "4"]
[EventCountry "ITA"]
[SourceTitle "EXT 2023"]
[Source "ChessBase"]
[SourceDate "2022.10.05"]
[SourceVersion "1"]
[SourceVersionDate "2022.10.05"]
[SourceQuality "1"]

1. c4 Nf6 2. Nc3 d5 3. cxd5 Nxd5 4. Nf3 g6 5. Qa4+ Bd7 6. Qc4 Nb6 7. Qd4 f6 8. d3 Nc6 9. Qh4 h5 10. Nd4 Nxd4 11. Qxd4 Bc6 12. Qe3 Qd6 13. Qg3 Qxg3 14. hxg3 Bg7 15. e4 0-0-0 16. Be3 e5 17. Bxb6 axb6 18. 0-0-0 Rd6 19. b4 b5 20. Kb2 f5 21. Be2 Rd4 22. Kb3 Rf8 23. Bf3 Rfd8 24. exf5 Bxf3 25. gxf3 gxf5 26. Kc2 Rh8 27. a3 c6 28. Rh3 Kb8 29. Ne2 Rd6 30. Nc1 b6 31. Rdh1 e4 32. fxe4 fxe4 33. Rxh5 Rf8 34. R5h2 Rfd8 35. Rd1 c5 36. Rhh1 Rf8 37. Rhf1 cxb4 38. dxe4 Rc6+ 39. Kb3 Rc3+ 40. Kxb4 Rfc8 41. Rd5 Bf8+ 42. Kxb5 Rxa3 43. Kxb6 Ra7 44. Rb5 Rcc7 45. Rd1 Rcb7+ 46. Kc6 Ra6+ 47. Kd5 Rxb5+ 48. Kc4 Rc5+ 49. Kd3 Rd6+ 50. Ke2 Rc2+ 51. Ke1 Rh6 0-1